Buffalo Bills 2021 Roster - Statistics

General Stats
  • This quiz has been taken 128 times
  • The average score is 21 of 36
Answer Stats
Pos. Player % Correct
QB Josh Allen
100%
WR Stefon Diggs
96%
RB Devin Singletary
90%
WR Cole Beasley
86%
TE Dawson Knox
86%
WR Gabriel Davis
81%
RB Zack Moss
81%
CB Tre'Davious White
80%
S Jordan Poyer
76%
QB Mitchell Trubisky
76%
S Micah Hyde
73%
WR Emmanuel Sanders
68%
Coach Sean McDermott
68%
LB Tremaine Edmunds
68%
K Tyler Bass
68%
OT Dion Dawkins
63%
DT Ed Oliver
61%
LB Matt Milano
61%
C Mitch Morse
61%
WR Isaiah McKenzie
60%
DE Jerry Hughes
57%
CB Levi Wallace
57%
CB Taron Johnson
54%
QB Jake Fromm
53%
P Matt Haack
49%
DE Greg Rousseau
48%
LB AJ Klein
43%
RB Matt Breida
43%
OT Daryl Williams
41%
DE Mario Addison
41%
OG Jon Feliciano
40%
OG Cody Ford
37%
DT Star Lotulelei
32%
CB Siran Neal
22%
DT Vernon Butler
20%
TE Jacob Hollister
9%
No matching quizzes found
Score Distribution
Percent of People with Each Score
Percentile by Number Answered
Your Score History
You have not taken this quiz